[Event "Asian Academies Hybrid Chess-ch 2021"]
[Site "Tornelo"]
[Date "2021.11.21"]
[Round "1.4"]
[White "Dashtpeima, Helia"]
[Black "Mohammad Ebrahimkhan Abri, Dorsa"]
[Result "0-1"]
[WhiteElo "1278"]
[BlackElo "2017"]
[Annotator "TA"]
[PlyCount "68"]
[EventDate "2021.11.21"]
[EventCountry "NET"]
[SourceTitle "playchess.com"]
[Source "ChessBase"]
[SourceQuality "1"]

{[%evp 9,68,-2,43,35,28,29,40,36,45,31,55,39,70,49,58,40,83,52,85,76,90,62,52,39,60,54,80,0,0,-7,-3,-14,4,-62,-92,-556,-553,-543,-532,-491,-398,-537,-489,-495,-491,-543,-536,-518,-525,-531,-527,-870,-706,-29989,-29990,-29990,-29991,-29991,-29992,-29992,-29993]} 1. d4 Nf6 2. Nf3 e6 3. c4 b6 4. Nc3 Bb7 5. e3 Ne4 6. Nxe4 {E14: Queen's Indian: Classical Variation (4 e3).} Bxe4 7. Bd3 Bb4+ 8. Kf1 {[#] White is slightly better.} Bxd3+ $146 ({Predecessor:} 8... f5 9. a3 Be7 10. Bxe4 fxe4 11. Ne5 O-O 12. f4 d6 13. Ng4 Nd7 14. b4 e5 15. dxe5 dxe5 {½-½ (41) Ortiz,V-Maltez,L (1801) Managua 2011}) 9. Qxd3 Nc6 10. a3 Bd6 11. g3 O-O 12. Kg2 f6 13. e4 Qe8 14. b4 Qh5 15. c5 Be7 16. Bb2 bxc5 17. dxc5 Rad8 18. Qa6 (18. Rhe1 $16) 18... f5 $11 19. e5 f4 {Strongly threatening ...fxg3.} 20. Qe2 Rf5 21. Rae1 ({Better is} 21. h3 $11) 21... Rdf8 $15 {And now ...fxg3 would win.} 22. Nd4 $2 {[%mdl 8192] This move loses the game for White.} (22. Rhf1 $17 {is tougher.}) 22... f3+ $19 23. Nxf3 Rxf3 24. Rhf1 Qg4 25. h3 Qh5 26. Qe4 a5 27. Re3 Rxe3 {[%mdl 64] [#] Overworked Piece} 28. Qxe3 axb4 29. axb4 Nxb4 30. Qd2 Bxc5 {( -> ...Qf3+)} 31. Qxd7 Qf3+ {[%mdl 64] [#] Double Attack. Black mates.} 32. Kh2 Qe2 33. Qd1 Rxf2+ {[%mdl 64] Overworked Piece} 34. Rxf2 Qxd1 {Weighted Error Value: White=0.89/Black=0.21} 0-1

[Event "Asian Academies Hybrid Chess-ch 2021"]
[Site "Tornelo"]
[Date "2021.11.21"]
[Round "1.4"]
[White "Gholizadeh, Parya"]
[Black "Heydari, Simin"]
[Result "0-1"]
[WhiteElo "1256"]
[BlackElo "1147"]
[Annotator "NA RC"]
[PlyCount "68"]
[EventDate "2021.11.21"]
[EventCountry "NET"]
[SourceTitle "playchess.com"]
[Source "ChessBase"]
[SourceQuality "1"]
[TimeControl "3600+30"]

1. d4 {[%emt 0:17:00]} d5 {[%emt 0:00:43]} 2. Nf3 {[%emt 0:00:13]} Nf6 {[%emt 0:00:07]} 3. e3 {[%emt 0:00:07]} e6 {[%emt 0:00:04]} 4. Bd3 {[%emt 0:00:09]} Nbd7 {[%emt 0:00:03]} 5. Nbd2 {[%emt 0:00:09]} Bd6 {[%emt 0:00:06]} 6. O-O {[%emt 0:00:24]} O-O {[%emt 0:00:10]} 7. e4 {[%emt 0:01:50]} dxe4 {[%emt 0:00:11]} 8. Nxe4 {[%emt 0:00:54]} Nxe4 {[%emt 0:00:09]} 9. Bxe4 {[%emt 0:00:15]} Nf6 {[%emt 0:00:16]} 10. Bd3 {[%emt 0:01:01]} h6 {[%emt 0:01:03]} 11. Ne5 {[%emt 0:00:54]} c5 {[%emt 0:05:22]} 12. Nf3 {[%emt 0:05:03]} b6 {[%emt 0:02:03]} 13. c3 {[%emt 0:06:13]} cxd4 {[%emt 0:02:28]} 14. Nxd4 {[%emt 0:01:31]} Bd7 {[%emt 0:03:33]} 15. Nb5 {[%emt 0:06:30]} Bxb5 {[%emt 0:00:27]} 16. Bxb5 {[%emt 0:00:10]} Qc7 {[%emt 0:03:12]} 17. h3 {[%emt 0:00:23]} Rfd8 {[%emt 0:00:42]} 18. Qf3 {[%emt 0:00:11]} a6 {[%emt 0:00:43]} 19. Ba4 {[%emt 0:01:21]} Nd5 {[%emt 0:00:49]} 20. Bc2 {[%emt 0:02:31]} Rac8 {[%emt 0:07:48]} 21. Qd3 {[%emt 0:02:49]} Nf6 {[%emt 0:04:05]} 22. Qxa6 {[%emt 0:00:15]} Be7 {[%emt 0:02:43]} 23. Be3 {[%emt 0:00:46]} Bc5 {[%emt 0:00:21]} 24. Bxc5 {[%emt 0:00:56]} Qxc5 {[%emt 0:00:33]} 25. Rad1 {[%emt 0:00:27]} Nd5 {[%emt 0:01:24]} 26. Qd3 {[%emt 0:00:53]} f5 {[%emt 0:00:20]} 27. Qg3 {[%emt 0:01:46]} Qd6 {[%emt 0:02:12]} 28. Qxd6 {[%emt 0:01:07]} Rxd6 {[%emt 0:00:12]} 29. Rfe1 {[%emt 0:00:15]} Kf7 {[%emt 0:00:19]} 30. Bb3 {[%emt 0:00:14]} b5 {[%emt 0:00:54]} 31. Bxd5 {[%emt 0:01:08]} Rxd5 {[%emt 0:00:28]} 32. Rxd5 {[%emt 0:00:45]} exd5 {[%emt 0:00:08]} 33. Re5 {[%emt 0:00:25]} Rc5 {[%emt 0:00:38]} 34. Rxf5+ {[%emt 0:01:21]} Ke6 {[%emt 0:02:10]} 0-1

[Event "Asian Academies Hybrid Chess-ch 2021"]
[Site "Tornelo"]
[Date "2021.11.21"]
[Round "3.1"]
[White "Noshin, Anjum"]
[Black "Omarova, Aisha"]
[Result "1-0"]
[WhiteElo "2069"]
[BlackElo "1012"]
[Annotator "TA"]
[PlyCount "91"]
[EventDate "2021.11.21"]
[EventCountry "NET"]
[SourceTitle "playchess.com"]
[Source "ChessBase"]
[SourceQuality "1"]

{[%evp 9,90,48,60,53,52,13,51,51,51,46,79,59,97,105,119,111,180,132,211,207,241,247,248,212,223,132,132,78,126,129,124,100,84,65,72,77,68,79,72,68,211,212,597,591,662,654,950,979,937,875,860,858,2414,2079,1280,949,5615,5097,2485,919,5981,5981,5475,5181,2677,2048,2221,1923,3142,2093,29955,5010,5789,4810,29983,29984,29985,29986,29986,29987,29998,29999,29999]} 1. e4 c5 2. Nf3 Nc6 3. d4 cxd4 4. Nxd4 Qb6 5. Nb3 e6 6. Nc3 {B32: Sicilian: Löwenthal and Kalashnikov Variations.} Bb4 7. Be3 (7. Qg4 {feels hotter.} Kf8 8. Bd3 h5 9. Qe2 Nf6 10. O-O) 7... Bxc3+ 8. bxc3 {White is slightly better.} Qc7 9. Qg4 {[#]} g6 $146 ({Predecessor:} 9... Ne5 10. Qxg7 Qxc3+ 11. Kd1 f6 12. Qxh8 a5 13. Qxg8+ Ke7 14. Bc5+ d6 15. Qg7+ Nf7 16. Bd4 {1-0 (16) Frese,D-Baumgarten,F Troisdorf 2000}) 10. Qg3 (10. Qh4 {is more complex.} d6 11. Rd1 e5 12. Bb5 a6 13. Be2) 10... Qxg3 11. hxg3 Nf6 12. f3 $36 {[%mdl 2048] White is really pushing.} a6 (12... O-O $16) 13. Bh6 {And now Bg7 would win.} Nh5 (13... Ke7 $16 14. Bg5 d6) 14. Kf2 $18 Rg8 15. g4 Ng7 16. c4 e5 17. Bxg7 ({White should play} 17. c3 $18) 17... Rxg7 $16 18. Be2 (18. c5 $142) 18... f6 19. c5 Rb8 20. Rh6 b6 21. cxb6 Rxb6 22. Rah1 Nb4 23. Rxh7 Rxh7 24. Rxh7 Bb7 {A mistake that costs the game.} (24... Kd8 $1 $14) 25. Na5 $18 {Rh8+ is the strong threat.} Bc6 $2 (25... Kd8 {is tougher.} 26. Rh6 Kc7 27. Rxg6 Nxa2) 26. Nc4 Rb7 27. Nd6+ {[%mdl 64] [#] Double Attack} Kf8 28. Nxb7 Bxb7 29. Rxd7 {[%mdl 4096] Endgame KRB-KBN} Bc6 30. Rc7 Bb5 31. Bxb5 axb5 {KR-KN} 32. Rb7 Nxa2 33. Rxb5 Nc3 34. Rc5 Na4 35. Rc4 Nb6 36. Rc6 Nd7 37. c4 Ke7 38. c5 Nb8 39. Rc7+ Ke6 40. Rc8 {Intending Re8+ and mate.} Nd7 41. c6 Nb6 42. Rb8 {White mates.} Nc4 43. c7 Nd6 44. Rd8 Nb7 45. c8=Q+ {[%mdl 64] [#] Double Attack} Kf7 46. Qd7# {Weighted Error Value: White=0.24/Black=0.51} 1-0

[Event "Asian Academies Hybrid Chess-ch 2021"]
[Site "Tornelo"]
[Date "2021.11.21"]
[Round "3.2"]
[White "Amarathunga, Kosala Sandeepa Cham"]
[Black "Kazi Afsan Rawnak, Anan"]
[Result "0-1"]
[WhiteElo "1353"]
[BlackElo "1410"]
[Annotator "NA RC"]
[PlyCount "70"]
[EventDate "2021.11.21"]
[EventCountry "NET"]
[SourceTitle "playchess.com"]
[Source "ChessBase"]
[SourceQuality "1"]
[TimeControl "3600+30"]

1. e4 {[%emt 0:02:49]} c5 {[%emt 0:00:46]} 2. Nf3 {[%emt 0:00:37]} d6 {[%emt 0:00:28]} 3. Bb5+ {[%emt 0:00:24]} Bd7 {[%emt 0:01:19]} 4. Bxd7+ {[%emt 0:00:37]} Qxd7 {[%emt 0:01:53]} 5. O-O {[%emt 0:00:49]} Nf6 {[%emt 0:01:11]} 6. Re1 {[%emt 0:00:39]} e5 {[%emt 0:01:53]} 7. c3 {[%emt 0:00:19]} Nc6 {[%emt 0:02:11]} 8. d4 {[%emt 0:02:58]} cxd4 {[%emt 0:02:26]} 9. cxd4 {[%emt 0:00:16]} Be7 {[%emt 0:03:35]} 10. Nc3 {[%emt 0:02:02]} O-O {[%emt 0:01:26]} 11. d5 {[%emt 0:05:14]} Nb4 {[%emt 0:02:54]} 12. Nh4 {[%emt 0:00:22]} Qg4 {[%emt 0:02:22]} 13. Nf5 {[%emt 0:00:33]} Rfe8 {[%emt 0:02:41]} 14. Qd2 {[%emt 0:06:07]} Rac8 {[%emt 0:03:52]} 15. Re3 {[%emt 0:08:45]} Nh5 {[%emt 0:06:43]} 16. Rh3 {[%emt 0:07:41]} Kh8 {[%emt 0:11:22]} 17. a3 {[%emt 0:00:59]} Na6 {[%emt 0:01:45]} 18. Qe1 {[%emt 0:00:18]} Nc5 {[%emt 0:00:57]} 19. f3 {[%emt 0:00:26]} Qg6 {[%emt 0:00:23]} 20. Nxe7 {[%emt 0:00:05]} Rxe7 {[%emt 0:01:42]} 21. Qh4 {[%emt 0:00:22]} Nf6 {[%emt 0:01:17]} 22. Bd2 {[%emt 0:06:36]} Nb3 {[%emt 0:03:06]} 23. Rd1 {[%emt 0:01:50]} Nxd2 {[%emt 0:00:53]} 24. Rxd2 {[%emt 0:00:05]} Rec7 {[%emt 0:00:41]} 25. g4 {[%emt 0:03:10]} Nd7 {[%emt 0:03:56]} 26. Qf2 {[%emt 0:01:35]} a6 {[%emt 0:00:55]} 27. Rg3 {[%emt 0:00:11]} Qg5 {[%emt 0:00:47]} 28. Kg2 {[%emt 0:04:01]} Nb6 {[%emt 0:00:57]} 29. h4 {[%emt 0:04:26]} Qf4 {[%emt 0:00:49]} 30. Re2 {[%emt 0:09:40]} Nc4 {[%emt 0:00:19]} 31. Kh3 {[%emt 0:01:04]} Nxb2 {[%emt 0:04:25]} 32. Rxb2 {[%emt 0:00:05]} Rxc3 {[%emt 0:00:02]} 33. Rxb7 {[%emt 0:00:03]} Rxa3 {[%emt 0:02:05]} 34. Qb2 {[%emt 0:00:10]} Rxf3 {[%emt 0:00:18]} 35. Rb3 {[%emt 0:00:34]} Qxg3# {[%emt 0:00:05]} 0-1

[Event "Asian Academies Hybrid Chess-ch 2021"]
[Site "Tornelo"]
[Date "2021.11.21"]
[Round "3.2"]
[White "Aiyan, Rahman"]
[Black "De Silva, L M S T"]
[Result "0-1"]
[WhiteElo "1250"]
[BlackElo "2085"]
[Annotator "TA"]
[PlyCount "52"]
[EventDate "2021.11.21"]
[EventCountry "NET"]
[SourceTitle "playchess.com"]
[Source "ChessBase"]
[SourceQuality "1"]

{[%evp 17,52,25,30,0,0,0,0,-10,16,3,43,20,41,0,35,-567,-570,-635,-625,-735,-693,-1135,-1025,-29993,-29994,-29994,-3625,-2188,-2517,-29990,-29991,-29992,-29993,-29997,-29998,-29998,-29999]} 1. e4 e5 2. Nf3 Nc6 3. Bc4 Nf6 4. O-O Bc5 5. Nc3 O-O 6. d3 h6 7. a3 d6 8. h3 Be6 9. Bxe6 fxe6 10. Be3 {C50: Hungarian Defence and Giuoco Pianissimo.} Bb6 11. b4 Qe8 {[#]} 12. Ne2 $146 {The position is equal.} ({Predecessor:} 12. Bxb6 axb6 13. Nh2 Nd4 14. Ne2 Nxe2+ 15. Qxe2 Qh5 16. Qxh5 Nxh5 17. Nf3 Nf4 18. Rfe1 {½-½ (41) Menassie,Z-Liao,J (1520) Istanbul 2012}) 12... Nh5 13. c4 a6 14. Rc1 Ba7 15. Qb3 Qg6 16. Qb2 $2 {[%mdl 8192] White does not recover from this.} Rxf3 $1 $19 17. Bxa7 Rxa7 18. b5 Nd4 {[%mdl 64] Hoping for ...Rxh3. Deflection} 19. Nxd4 exd4 20. Qxd4 {[#]} Nf4 $1 {[%csl Gf4][%cal Rg6g2][%mdl 576] Double Attack} 21. g4 Ne2+ (21... Nxh3+ $142 22. Kh1 {[#]} Nf4 $1 {[%mdl 512]} 23. Qe3 Qxg4 24. Qxf4 Qxf4 25. bxa6 Rh3+ 26. Kg2 Qh2#) 22. Kg2 Nxd4 23. c5 h5 {Black mates.} 24. Rc4 {[#]} Rxh3 $3 {[%mdl 64] Remove Defender} 25. Kxh3 (25. f3 Nxf3) 25... Qxg4+ 26. Kh2 Nf3+ {Weighted Error Value: White=1.41/Black=0.42} 0-1

[Event "Asian Academies Hybrid Chess-ch 2021"]
[Site "Tornelo"]
[Date "2021.11.21"]
[Round "3.2"]
[White "Newansa, M Esandi"]
[Black "Ridwan, Rabbani"]
[Result "1-0"]
[WhiteElo "1121"]
[BlackElo "1170"]
[Annotator "NA RC"]
[PlyCount "103"]
[EventDate "2021.11.21"]
[EventCountry "NET"]
[SourceTitle "playchess.com"]
[Source "ChessBase"]
[SourceQuality "1"]
[TimeControl "3600+30"]

1. d4 {[%emt 0:00:30]} Nf6 {[%emt 0:00:36]} 2. Bf4 {[%emt 0:00:04]} g6 {[%emt 0:00:03]} 3. e3 {[%emt 0:00:03]} Bg7 {[%emt 0:00:02]} 4. Nf3 {[%emt 0:00:05]} O-O {[%emt 0:00:06]} 5. c3 {[%emt 0:00:05]} d5 {[%emt 0:00:15]} 6. Nbd2 {[%emt 0:00:07]} e6 {[%emt 0:00:05]} 7. Bd3 {[%emt 0:00:16]} Nbd7 {[%emt 0:00:01]} 8. O-O {[%emt 0:00:06]} c5 {[%emt 0:00:02]} 9. Bd6 {[%emt 0:00:22]} Re8 {[%emt 0:00:17]} 10. Bxc5 {[%emt 0:00:09]} Nxc5 {[%emt 0:00:01]} 11. dxc5 {[%emt 0:00:02]} Ng4 {[%emt 0:00:05]} 12. h3 {[%emt 0:00:39]} Ne5 {[%emt 0:00:45]} 13. Nxe5 {[%emt 0:00:58]} Bxe5 {[%emt 0:00:21]} 14. Nb3 {[%emt 0:01:28]} Bb8 {[%emt 0:00:08]} 15. f4 {[%emt 0:00:48]} e5 {[%emt 0:00:20]} 16. f5 {[%emt 0:01:11]} e4 {[%emt 0:00:26]} 17. fxg6 {[%emt 0:00:36]} hxg6 {[%emt 0:00:10]} 18. Bb5 {[%emt 0:00:23]} Re5 {[%emt 0:00:21]} 19. Qe1 {[%emt 0:03:44]} Rh5 {[%emt 0:00:26]} 20. Qf2 {[%emt 0:00:29]} f5 {[%emt 0:00:46]} 21. Be2 {[%emt 0:01:17]} Qc7 {[%emt 0:00:28]} 22. Rfd1 {[%emt 0:01:20]} Qh2+ {[%emt 0:00:07]} 23. Kf1 {[%emt 0:00:02]} Rg5 {[%emt 0:00:20]} 24. Rxd5 {[%emt 0:00:12]} Be6 {[%emt 0:01:07]} 25. Rd2 {[%emt 0:00:40]} f4 {[%emt 0:00:32]} 26. Rd8+ {[%emt 0:00:58]} Kg7 {[%emt 0:00:10]} 27. exf4 {[%emt 0:00:02]} Rf5 {[%emt 0:00:20]} 28. Nd4 {[%emt 0:00:16]} Qh1+ {[%emt 0:00:17]} 29. Qg1 {[%emt 0:00:08]} Rxf4+ {[%emt 0:00:01]} 30. Bf3 {[%emt 0:00:08]} Bc4+ {[%emt 0:01:13]} 31. Kf2 {[%emt 0:00:11]} Qxg1+ {[%emt 0:00:21]} 32. Rxg1 {[%emt 0:00:17]} exf3 {[%emt 0:00:03]} 33. gxf3 {[%emt 0:00:22]} Rf8 {[%emt 0:00:42]} 34. Rxf8 {[%emt 0:00:26]} Kxf8 {[%emt 0:02:44]} 35. Rxg6 {[%emt 0:00:07]} Bxa2 {[%emt 0:00:05]} 36. h4 {[%emt 0:00:40]} Bf7 {[%emt 0:00:07]} 37. Rg1 {[%emt 0:00:09]} Be5 {[%emt 0:00:02]} 38. Ke3 {[%emt 0:00:26]} Bxd4+ {[%emt 0:00:09]} 39. cxd4 {[%emt 0:00:07]} Bh5 {[%emt 0:00:04]} 40. Rg5 {[%emt 0:00:04]} Re8+ {[%emt 0:00:09]} 41. Kd3 {[%emt 0:00:10]} Bxf3 {[%emt 0:00:13]} 42. Rf5+ {[%emt 0:00:03]} Kg7 {[%emt 0:00:12]} 43. Rxf3 {[%emt 0:00:02]} Rh8 {[%emt 0:00:07]} 44. Rf4 {[%emt 0:00:04]} Kg6 {[%emt 0:00:03]} 45. Kc4 {[%emt 0:00:03]} Re8 {[%emt 0:00:17]} 46. Kd5 {[%emt 0:00:06]} Rd8+ {[%emt 0:00:07]} 47. Ke6 {[%emt 0:00:03]} Rxd4 {[%emt 0:00:02]} 48. Rxd4 {[%emt 0:00:03]} Kh5 {[%emt 0:00:28]} 49. Kf6 {[%emt 0:00:11]} b6 {[%emt 0:00:08]} 50. c6 {[%emt 0:00:02]} b5 {[%emt 0:00:04]} 51. c7 {[%emt 0:00:01]} b4 {[%emt 0:00:01]} 52. c8=Q {[%emt 0:00:03]} 1-0

[Event "Asian Academies Hybrid Chess-ch 2021"]
[Site "Tornelo"]
[Date "2021.11.21"]
[Round "3.3"]
[White "Sadeghi Shoormasti, Ali"]
[Black "Khaled waleed Abdullah"]
[Result "0-1"]
[WhiteElo "1751"]
[BlackElo "1568"]
[Annotator "NA RC"]
[PlyCount "150"]
[EventDate "2021.11.21"]
[EventCountry "NET"]
[SourceTitle "playchess.com"]
[Source "ChessBase"]
[SourceQuality "1"]
[TimeControl "3600+30"]

1. d4 {[%emt 0:01:02]} Nf6 {[%emt 0:01:18]} 2. Nf3 {[%emt 0:00:17]} e6 {[%emt 0:00:12]} 3. Bf4 {[%emt 0:00:25]} d5 {[%emt 0:00:05]} 4. e3 {[%emt 0:03:12]} Bd6 {[%emt 0:00:10]} 5. Bg3 {[%emt 0:00:14]} O-O {[%emt 0:00:07]} 6. Bd3 {[%emt 0:00:08]} c5 {[%emt 0:00:26]} 7. c3 {[%emt 0:00:30]} Nc6 {[%emt 0:00:06]} 8. O-O {[%emt 0:00:09]} b6 {[%emt 0:00:06]} 9. Nbd2 {[%emt 0:00:22]} Bb7 {[%emt 0:00:20]} 10. Rc1 {[%emt 0:01:54]} Rc8 {[%emt 0:03:17]} 11. Bb1 {[%emt 0:00:20]} Ne7 {[%emt 0:01:10]} 12. Bh4 {[%emt 0:00:50]} Ne4 {[%emt 0:07:50]} 13. Nxe4 {[%emt 0:01:31]} dxe4 {[%emt 0:00:09]} 14. Nd2 {[%emt 0:00:47]} f5 {[%emt 0:05:14]} 15. a3 {[%emt 0:01:49]} Qe8 {[%emt 0:04:48]} 16. dxc5 {[%emt 0:00:43]} Bxc5 {[%emt 0:03:17]} 17. b4 {[%emt 0:00:26]} Ng6 {[%emt 0:03:02]} 18. Qh5 {[%emt 0:04:40]} Be7 {[%emt 0:04:03]} 19. Bxe7 {[%emt 0:00:28]} Qxe7 {[%emt 0:00:07]} 20. Ba2 {[%emt 0:01:02]} Ne5 {[%emt 0:01:27]} 21. Bb1 {[%emt 0:02:28]} Rf6 {[%emt 0:04:14]} 22. Qh4 {[%emt 0:01:20]} Rd8 {[%emt 0:08:39]} 23. Rfd1 {[%emt 0:02:03]} Kh8 {[%emt 0:04:22]} 24. Kh1 {[%emt 0:00:55]} Qd6 {[%emt 0:01:54]} 25. Bc2 {[%emt 0:01:41]} Rh6 {[%emt 0:01:54]} 26. Qg3 {[%emt 0:01:24]} Ng4 {[%emt 0:06:50]} 27. Nf1 {[%emt 0:01:23]} Qe7 {[%emt 0:01:44]} 28. Rxd8+ {[%emt 0:00:24]} Qxd8 {[%emt 0:00:04]} 29. Rd1 {[%emt 0:00:04]} Qc8 {[%emt 0:00:51]} 30. Kg1 {[%emt 0:00:39]} Bd5 {[%emt 0:02:17]} 31. Rd4 {[%emt 0:01:01]} Nf6 {[%emt 0:00:15]} 32. Qe5 {[%emt 0:02:35]} Nd7 {[%emt 0:01:59]} 33. Qg3 {[%emt 0:01:11]} Qxc3 {[%emt 0:00:23]} 34. Ba4 {[%emt 0:00:08]} Nf6 {[%emt 0:00:46]} 35. Qb8+ {[%emt 0:00:06]} Ng8 {[%emt 0:00:04]} 36. Be8 {[%emt 0:00:21]} Rf6 {[%emt 0:00:30]} 37. Qxa7 {[%emt 0:00:19]} Qc1 {[%emt 0:00:51]} 38. Qa4 {[%emt 0:00:32]} Rf8 {[%emt 0:00:48]} 39. Rd1 {[%emt 0:00:57]} Qc3 {[%emt 0:00:05]} 40. Bd7 {[%emt 0:01:14]} Bb3 {[%emt 0:00:28]} 41. Rc1 {[%emt 0:00:21]} Bxa4 {[%emt 0:00:46]} 42. Rxc3 {[%emt 0:00:04]} Bxd7 {[%emt 0:00:06]} 43. h3 {[%emt 0:00:06]} Nf6 {[%emt 0:00:06]} 44. Nd2 {[%emt 0:00:13]} Rc8 {[%emt 0:00:09]} 45. Rb3 {[%emt 0:00:06]} Ba4 {[%emt 0:00:07]} 46. Rb2 {[%emt 0:00:07]} Nd5 {[%emt 0:00:13]} 47. Kh2 {[%emt 0:00:10]} Rc3 {[%emt 0:00:09]} 48. Ra2 {[%emt 0:00:35]} Kg8 {[%emt 0:00:25]} 49. Nf1 {[%emt 0:00:40]} Rc2 {[%emt 0:00:21]} 50. Ra1 {[%emt 0:00:54]} Rxf2 {[%emt 0:00:10]} 51. Rc1 {[%emt 0:00:21]} Rc2 {[%emt 0:00:05]} 52. Rb1 {[%emt 0:00:15]} b5 {[%emt 0:00:11]} 53. Kg3 {[%emt 0:01:25]} Rc3 {[%emt 0:00:31]} 54. Kf2 {[%emt 0:00:10]} Rxa3 {[%emt 0:00:31]} 55. Rc1 {[%emt 0:04:46]} Nxb4 {[%emt 0:06:49]} 56. Rc7 {[%emt 0:00:12]} Nd3+ {[%emt 0:00:05]} 57. Kg3 {[%emt 0:00:06]} b4 {[%emt 0:00:31]} 58. Nd2 {[%emt 0:00:07]} Ra2 {[%emt 0:01:31]} 59. Nc4 {[%emt 0:00:04]} Rc2 {[%emt 0:00:10]} 60. Rc8+ {[%emt 0:09:45]} Kf7 {[%emt 0:00:10]} 61. Nd6+ {[%emt 0:02:47]} Ke7 {[%emt 0:00:05]} 62. Ra8 {[%emt 0:00:19]} Kxd6 {[%emt 0:00:11]} 63. Ra6+ {[%emt 0:00:22]} Bc6 {[%emt 0:00:04]} 64. Rb6 {[%emt 0:00:08]} Kc5 {[%emt 0:00:04]} 65. Rb8 {[%emt 0:00:04]} Kd6 {[%emt 0:00:20]} 66. Rd8+ {[%emt 0:00:13]} Kc7 {[%emt 0:00:03]} 67. Rd4 {[%emt 0:00:04]} b3 {[%emt 0:00:03]} 68. Kh4 {[%emt 0:00:23]} b2 {[%emt 0:00:04]} 69. g4 {[%emt 0:00:05]} b1=Q {[%emt 0:00:05]} 70. Kg5 {[%emt 0:00:06]} fxg4 {[%emt 0:00:04]} 71. hxg4 {[%emt 0:00:05]} Rc5+ {[%emt 0:00:06]} 72. Kh4 {[%emt 0:00:03]} Qh1+ {[%emt 0:00:09]} 73. Kg3 {[%emt 0:00:06]} Rc2 {[%emt 0:00:12]} 74. Rd7+ {[%emt 0:00:13]} Kxd7 {[%emt 0:00:04]} 75. g5 {[%emt 0:00:04]} Rg2# {[%emt 0:00:04]} 0-1

[Event "Asian Academies Hybrid Chess-ch 2021"]
[Site "Tornelo"]
[Date "2021.11.21"]
[Round "3.3"]
[White "Husam Al-Dain Abdulhakim Nashe"]
[Black "Alizadeh, Amirhosein"]
[Result "1-0"]
[WhiteElo "1342"]
[BlackElo "1688"]
[Annotator "NA RC"]
[PlyCount "41"]
[EventDate "2021.11.21"]
[EventCountry "NET"]
[SourceTitle "playchess.com"]
[Source "ChessBase"]
[SourceQuality "1"]
[TimeControl "3600+30"]

1. e4 {[%emt 0:01:32]} c5 {[%emt 0:01:21]} 2. Nf3 {[%emt 0:02:07]} Nc6 {[%emt 0:00:05]} 3. c3 {[%emt 0:00:18]} d5 {[%emt 0:00:08]} 4. exd5 {[%emt 0:02:14]} Qxd5 {[%emt 0:00:10]} 5. d4 {[%emt 0:00:52]} e6 {[%emt 0:00:49]} 6. Bd3 {[%emt 0:01:28]} cxd4 {[%emt 0:01:47]} 7. cxd4 {[%emt 0:00:17]} Bb4+ {[%emt 0:03:30]} 8. Nc3 {[%emt 0:04:31]} Nf6 {[%emt 0:06:54]} 9. O-O {[%emt 0:02:28]} Bxc3 {[%emt 0:02:58]} 10. bxc3 {[%emt 0:00:08]} Qa5 {[%emt 0:15:09]} 11. Bg5 {[%emt 0:04:46]} Bd7 {[%emt 0:27:55]} 12. Qb3 {[%emt 0:02:25]} h6 {[%emt 0:00:40]} 13. Bh4 {[%emt 0:00:21]} Nd5 {[%emt 0:00:57]} 14. c4 {[%emt 0:00:28]} Nf4 {[%emt 0:00:25]} 15. d5 {[%emt 0:00:15]} Nb4 {[%emt 0:01:21]} 16. dxe6 {[%emt 0:01:25]} Bxe6 {[%emt 0:00:48]} 17. Bb1 {[%emt 0:00:06]} O-O {[%emt 0:01:07]} 18. Be7 {[%emt 0:00:09]} Na6 {[%emt 0:01:04]} 19. Bxf8 {[%emt 0:00:07]} Rxf8 {[%emt 0:00:06]} 20. Qe3 {[%emt 0:00:43]} Bxc4 {[%emt 0:00:51]} 21. Qe4 {[%emt 0:00:42]} 1-0

[Event "Asian Academies Hybrid Chess-ch 2021"]
[Site "Tornelo"]
[Date "2021.11.21"]
[Round "4.1"]
[White "Shadat, Kibria Ayaan"]
[Black "Akrami, Tohid"]
[Result "1/2-1/2"]
[WhiteElo "1623"]
[BlackElo "1075"]
[Annotator "NA RC"]
[PlyCount "92"]
[EventDate "2021.11.21"]
[EventCountry "NET"]
[SourceTitle "playchess.com"]
[Source "ChessBase"]
[SourceQuality "1"]
[TimeControl "3600+30"]

1. e4 {[%emt 0:00:40]} e6 {[%emt 0:10:24]} 2. d4 {[%emt 0:00:04]} d5 {[%emt 0:00:11]} 3. exd5 {[%emt 0:00:01]} exd5 {[%emt 0:00:27]} 4. Nf3 {[%emt 0:00:05]} Nf6 {[%emt 0:00:05]} 5. Bd3 {[%emt 0:00:02]} Bd6 {[%emt 0:00:10]} 6. O-O {[%emt 0:00:33]} O-O {[%emt 0:00:25]} 7. Bg5 {[%emt 0:00:19]} Bg4 {[%emt 0:00:31]} 8. Nbd2 {[%emt 0:00:27]} Nbd7 {[%emt 0:00:16]} 9. c3 {[%emt 0:02:19]} c6 {[%emt 0:00:41]} 10. Qc2 {[%emt 0:00:51]} h6 {[%emt 0:00:26]} 11. Bh4 {[%emt 0:01:58]} Re8 {[%emt 0:01:59]} 12. h3 {[%emt 0:05:17]} Bxf3 {[%emt 0:02:48]} 13. Nxf3 {[%emt 0:00:11]} Qc7 {[%emt 0:00:23]} 14. Bxf6 {[%emt 0:04:56]} Nxf6 {[%emt 0:00:38]} 15. Rae1 {[%emt 0:00:24]} b6 {[%emt 0:02:36]} 16. c4 {[%emt 0:11:19]} Nh5 {[%emt 0:05:22]} 17. cxd5 {[%emt 0:03:39]} cxd5 {[%emt 0:00:31]} 18. Qxc7 {[%emt 0:03:25]} Bxc7 {[%emt 0:04:54]} 19. Bb5 {[%emt 0:01:33]} Re6 {[%emt 0:01:30]} 20. Rxe6 {[%emt 0:07:36]} fxe6 {[%emt 0:00:24]} 21. Re1 {[%emt 0:03:18]} Nf4 {[%emt 0:00:22]} 22. g3 {[%emt 0:02:41]} Nxh3+ {[%emt 0:01:26]} 23. Kg2 {[%emt 0:00:07]} Ng5 {[%emt 0:00:54]} 24. Nxg5 {[%emt 0:00:06]} hxg5 {[%emt 0:00:08]} 25. Rxe6 {[%emt 0:00:34]} Kf7 {[%emt 0:00:58]} 26. Rc6 {[%emt 0:02:29]} Bd8 {[%emt 0:01:33]} 27. Rd6 {[%emt 0:00:45]} Bf6 {[%emt 0:01:23]} 28. Rxd5 {[%emt 0:03:53]} Rd8 {[%emt 0:01:07]} 29. Rxd8 {[%emt 0:00:47]} Bxd8 {[%emt 0:01:07]} 30. Kf3 {[%emt 0:01:16]} Bf6 {[%emt 0:00:14]} 31. Ke4 {[%emt 0:00:06]} Ke6 {[%emt 0:00:07]} 32. a4 {[%emt 0:01:28]} Kd6 {[%emt 0:00:39]} 33. Ba6 {[%emt 0:00:50]} Ke6 {[%emt 0:00:37]} 34. b4 {[%emt 0:00:33]} Be7 {[%emt 0:00:26]} 35. Bc4+ {[%emt 0:01:34]} Kd6 {[%emt 0:13:24]} 36. b5 {[%emt 0:00:17]} Bf6 {[%emt 0:00:58]} 37. Bd5 {[%emt 0:00:53]} Kd7 {[%emt 0:00:14]} 38. f3 {[%emt 0:00:36]} Kd6 {[%emt 0:01:28]} 39. Bc6 {[%emt 0:00:10]} Ke6 {[%emt 0:01:15]} 40. f4 {[%emt 0:02:37]} gxf4 {[%emt 0:00:40]} 41. gxf4 {[%emt 0:00:15]} g5 {[%emt 0:00:12]} 42. fxg5 {[%emt 0:07:11]} Bxg5 {[%emt 0:00:05]} 43. d5+ {[%emt 0:00:47]} Kd6 {[%emt 0:00:06]} 44. Kf5 {[%emt 0:00:03]} Bh4 {[%emt 0:00:07]} 45. Ba8 {[%emt 0:00:19]} Be7 {[%emt 0:08:12]} 46. Bb7 {[%emt 0:00:11]} Bh4 {[%emt 0:00:06]} 1/2-1/2